00918nam a22002417a 450000500170000000800410001702000310005802000240008905000200011310000180013324000370015124501550018825000110034326000310035430000230038549000290040850400380043750500560047565000280053165000460055970000320060570000390063720220504133845.0161117b sp ||||| |||| 00| 0 spa d a8420629944 (obra completa) a8420620769 (tomo I)04aQ125 bC76 19741 aCrombie, A.C.10aAugustine to Galileo,lEspañol10aHistoria de la cienciab : de San Agustín a Galileo c / A.C. Crombie, versión española de José Bernia, revisión de Luis García Ballester. a1a ed. aMadrid : bAlianza, c1974 aV .:bil.,c21 cm.0 aAlianza universidadvV.1 aIncluye bibliografía e índice tV.1. La ciencia en la edad media :siglos V al XIII. 72LembaCienciaxHistoria 72lembaCiencia, xEdad MediaySiglo V,XIII1 aBernia José.,etraductor.1 aGarcía Ballester, Luis.erevisor